LIBRARY & INFORMATION CENTRE, KCAET, TAVANUR

ONLINE PUBLIC ACCESS CATALOGUE (OPAC)

Calligraphy now: new light on traditional letters / (Record no. 3)

MARC details
000 -LEADER
fixed length control field 00503cam a2200193ua 4500
003 - CONTROL NUMBER IDENTIFIER
control field OSt
008 - FIXED-LENGTH DATA ELEMENTS--GENERAL INFORMATION
fixed length control field 240213b |||||||| |||| 00| 0 eng d
020 ## - INTERNATIONAL STANDARD BOOK NUMBER
ISBN 0-7153-8754-5
041 ## - LANGUAGE CODE
Language code of text/sound track or separate title eng
082 ## - DEWEY DECIMAL CLASSIFICATION NUMBER
Classification number 754.61
Item number SHE/CA
100 ## - MAIN ENTRY--AUTHOR NAME
Personal name Sheperd, Margaret .
245 ## - TITLE STATEMENT
Title Calligraphy now: new light on traditional letters /
250 ## - EDITION STATEMENT
Edition statement 1 /
260 ## - PUBLICATION, DISTRIBUTION, ETC. (IMPRINT)
Place of publication London :
Name of publisher David & Charles ,
Year of publication 1985.
300 ## - PHYSICAL DESCRIPTION
Number of Pages 192 ; .
650 ## - SUBJECT ADDED ENTRY--TOPICAL TERM
Topical Term Lettering
650 ## - SUBJECT ADDED ENTRY--TOPICAL TERM
Topical Term Lettering/Writing styles
942 ## - ADDED ENTRY ELEMENTS (KOHA)
Koha item type Books
Holdings
Withdrawn status Lost status Damaged status Home library Current library Date acquired Full call number Accession Number Koha item type
      KAUAET KAUAET 31/08/1987 754.61 SHE/CA 16332 Books
free website counter